Paroles-Le Monde qui est le Mien (Hercule) - Statistiques

Statistiques générales
  • Ce quiz a été pris 59 fois
  • Le résultat moyen est 108 sur 129
Statistiques - réponses
Réponse % Correct
du
100%
le
100%
Le
100%
le
100%
Le
100%
ma
100%
à
98%
Ce
98%
de
98%
des
98%
es
98%
et
98%
J'ai
98%
Je
98%
je
98%
Je
98%
mon
98%
au
95%
Au
95%
destin
95%
en
95%
les
95%
mien
95%
mien !
95%
moi
95%
monde
95%
95%
pays
95%
pour
95%
qui
95%
Qui
95%
vie
95%
amis
93%
cette
93%
chemin
93%
d'un
93%
gens
93%
loin
93%
rêvé
93%
rêve
93%
Tu
93%
comme
90%
est
90%
glorieux
90%
lointain
90%
90%
plus
90%
souvent
90%
cherche
88%
d'enfance
88%
l'infini
88%
précieux
88%
prends
88%
tous
88%
vers
88%
Vers
88%
bien
85%
chantent
85%
lendemains
85%
leur
85%
échos
83%
leurs
83%
m'aimeraient
83%
montent
83%
que
83%
voix
83%
auquel
80%
encore
80%
étoiles
80%
j'appartiens
80%
Mille
80%
l'idéal
78%
un
78%
vain
78%
C'est
75%
cœur
75%
la
75%
Parmi
75%
beau
73%
joie
73%
chance
70%
d'autres
68%
matin
68%
saisir
68%
destins
65%
m'emmène
65%
Afin
63%
bout
63%
qu'en
63%
distance
53%
fort
50%
fier
48%
héros
48%
mort
48%
tiendrai
48%
m'attend
45%
braverai
43%
récompense
43%
Sera
43%
soit
43%
sort
43%
Hardi
40%
Quelque
40%
demeurent
8%
Aucun quiz correspondant
Distribution des résultats
% des personnes avec chaque résultat
Percentile par nombre de réponses
Votre historique - résultats
Vous n’avez pas pris ce quiz